Administration of Justice in Mainland Tanzania / (Record no. 11684)

MARC details
000 -LEADER
fixed length control field 01924cam a22004212 4500
001 - CONTROL NUMBER
control field 0000025396
005 - DATE AND TIME OF LATEST TRANSACTION
control field 20151217154532.0
008 - FIXED-LENGTH DATA ELEMENTS--GENERAL INFORMATION
fixed length control field 150831s xx 000 0 eng d
020 ## - INTERNATIONAL STANDARD BOOK NUMBER
International Standard Book Number 9966031167 :
040 ## - CATALOGING SOURCE
Original cataloging agency KABU
Transcribing agency KABU
100 1# - MAIN ENTRY--PERSONAL NAME
Personal name Mirindo, Frank.
-- 0000186057
245 10 - TITLE STATEMENT
Title Administration of Justice in Mainland Tanzania /
Statement of responsibility, etc. by Frank Mirindo.
260 ## - PUBLICATION, DISTRIBUTION, ETC. (IMPRINT)
Place of publication, distribution, etc. Nairobi, Kenya :
Name of publisher, distributor, etc. lawAfrica,
Date of publication, distribution, etc. 2011.
300 ## - PHYSICAL DESCRIPTION
Extent xix, 693p. ;
Dimensions cm.
650 #0 - SUBJECT ADDED ENTRY--TOPICAL TERM
Topical term or geographic name as entry element Justice Administration
General subdivision Tanzania.
-- 0000186058
650 #0 - SUBJECT ADDED ENTRY--TOPICAL TERM
Topical term or geographic name as entry element Courts
General subdivision Tanzania.
-- 0000186059
852 1# - LOCATION
-- P7000KES
852 1# - LOCATION
-- P7000KES
852 1# - LOCATION
-- P7000KES
852 1# - LOCATION
-- P7000KES
852 1# - LOCATION
-- P7000KES
852 1# - LOCATION
-- P7000KES
852 1# - LOCATION
-- P7000KES
852 1# - LOCATION
-- P7000KES
852 1# - LOCATION
-- P7000KES
852 1# - LOCATION
-- P7000KES
852 1# - LOCATION
-- P7000KES
852 1# - LOCATION
-- P7000KES
852 1# - LOCATION
-- P7000KES
852 1# - LOCATION
-- P7000KES
852 1# - LOCATION
-- P7000KES
852 1# - LOCATION
-- P7000KES
852 1# - LOCATION
-- P7000KES
852 1# - LOCATION
-- P7000KES
852 1# - LOCATION
-- P7000KES
908 ## - PUT COMMAND PARAMETER (RLIN)
Put command parameter 150831
950 ## - LOCAL HOLDINGS (RLIN)
-- 1
Holdings
Withdrawn status Lost status Source of classification or shelving scheme Not for loan Home library Current library Date acquired Total Checkouts Full call number Barcode Date last seen Price effective from Koha item type
    Library of Congress Classification   Kabarak, Main Campus Kabarak, Main Campus 17/12/2015   KTT329 .M57 2011 C.2 019512 17/12/2015 17/12/2015 General Collection
    Library of Congress Classification   Kabarak, Main Campus Kabarak, Main Campus 17/12/2015   KTT329 .M57 2011 C.3 019539 17/12/2015 17/12/2015 General Collection
    Library of Congress Classification   Kabarak, Main Campus Kabarak, Main Campus 17/12/2015   KTT329 .M57 2011 C.4 019517 17/12/2015 17/12/2015 General Collection
    Library of Congress Classification   Kabarak, Main Campus Kabarak, Main Campus 17/12/2015   KTT329 .M57 2011 C.5 019538 17/12/2015 17/12/2015 General Collection
    Library of Congress Classification   Kabarak, Main Campus Kabarak, Main Campus 17/12/2015   KTT329 .M57 2011 C.6 019513 17/12/2015 17/12/2015 General Collection
    Library of Congress Classification   Kabarak, Main Campus Kabarak, Main Campus 17/12/2015   KTT329 .M57 2011 C.7 019514 17/12/2015 17/12/2015 General Collection
    Library of Congress Classification   Kabarak, Main Campus Kabarak, Main Campus 17/12/2015   KTT329 .M57 2011 C.8 019519 17/12/2015 17/12/2015 General Collection
    Library of Congress Classification   Kabarak, Main Campus Kabarak, Main Campus 17/12/2015   KTT329 .M57 2011 C.9 019564 17/12/2015 17/12/2015 General Collection
    Library of Congress Classification   Kabarak, Main Campus Kabarak, Main Campus 17/12/2015   KTT329 .M57 2011 C.10 019561 17/12/2015 17/12/2015 General Collection
    Library of Congress Classification   Kabarak, Main Campus Kabarak, Main Campus 17/12/2015   KTT329 .M57 2011 C.11 019562 17/12/2015 17/12/2015 General Collection
    Library of Congress Classification   Kabarak, Main Campus Kabarak, Main Campus 17/12/2015   KTT329 .M57 2011 C.12 019518 17/12/2015 17/12/2015 General Collection
    Library of Congress Classification   Kabarak, Main Campus Kabarak, Main Campus 17/12/2015   KTT329 .M57 2011 C.13 019520 17/12/2015 17/12/2015 General Collection
    Library of Congress Classification   Kabarak, Main Campus Kabarak, Main Campus 17/12/2015   KTT329 .M57 2011 C.14 019521 17/12/2015 17/12/2015 General Collection
    Library of Congress Classification   Kabarak, Main Campus Kabarak, Main Campus 17/12/2015   KTT329 .M57 2011 C.15 019515 17/12/2015 17/12/2015 General Collection
    Library of Congress Classification   Kabarak, Main Campus Kabarak, Main Campus 17/12/2015   KTT329 .M57 2011 C.16 019542 17/12/2015 17/12/2015 General Collection
    Library of Congress Classification   Kabarak, Main Campus Kabarak, Main Campus 17/12/2015   KTT329 .M57 2011 C.17 019563 17/12/2015 17/12/2015 General Collection
    Library of Congress Classification   Kabarak, Main Campus Kabarak, Main Campus 17/12/2015   KTT329 .M57 2011 C.18 019516 17/12/2015 17/12/2015 General Collection
    Library of Congress Classification   Kabarak, Main Campus Kabarak, Main Campus 17/12/2015   KTT329 .M57 2011 C.19 019540 17/12/2015 17/12/2015 General Collection
    Library of Congress Classification   Kabarak, Main Campus Kabarak, Main Campus 17/12/2015   KTT329 .M57 2011 C.20 019522 17/12/2015 17/12/2015 General Collection
    Library of Congress Classification   Kabarak, Main Campus Kabarak, Main Campus 17/12/2015   KTT329 .M57 2011 C.1 019537 17/12/2015 17/12/2015 Africana Collection
Designed with assistance from East African Informatics Ltd